Cultivo de Pectínidos en el Caribe Colombiano (Registro nro. 8231)

Detalles MARC
000 -CABECERA
Campo de control 00947nam a22002537a 4500
005 - FECHA Y HORA DE LA ULTIMA TRANSACCION
Campo de control 20140305115446.0
008 - ELEMENTOS DE LONGITUD FIJA—INFORMACION GENERAL
Campo de control 140305s2010 ck abdogr|||| 00| 0 spa d
020 ## - ISBN
ISBN 9789588448091
041 ## - IDIOMA
Código de idioma para texto/pista de sonido o título separado Español
044 ## - PAÍS DE PUBLICACIÓN
País de publicación Colombia
082 ## - NUMERO DE CLASIFICACION DECIMAL DEWEY
Número de clasificación 354
Número del ítem G56c
100 1# - ASIENTO PRINCIPAL--NOMBRE PERSONAL
Nombre personal Gómez-León, Javier
245 10 - MENCION DE TITULO
Título Cultivo de Pectínidos en el Caribe Colombiano
Mención de responsabilidad Javier Gómez-León, Ernesto Acosta Ortiz, Claudia Castellanos Romero, Marisol Santos-Acevedo
260 3# - PUBLICACION, DISTRIBUCION, ETC. (PIE DE IMPRENTA)
Lugar de publicación, distribución, etc. Santa Marta
Nombre del editor, distribuidor, etc. INVEMAR
Fecha de publicación, distribución, etc. 2010
300 ## - DESCRIPCION FISICA
Extensión 159 p.
Otros detalles físicos il., fot., mapas, tablas, gráficas
Dimensiones 28 cm
490 0# - MENCION DE SERIE
Mención de serie Serie de documentos generales de Invamar
504 ## - NOTA DE BIBLIOGRAFIA, ETC.
Nota de bibliografía Incluye bibliografía al final de cada capitulo
650 #4 - ASIENTO SECUNDARIO DE MATERIA - TERMINO TEMATICO
Término temático o nombre geográfico como elemento de entrada Pectínido
Subdivisión general Cultivo
Subdivisión geográfica Colombia
650 #4 - ASIENTO SECUNDARIO DE MATERIA - TERMINO TEMATICO
Término temático o nombre geográfico como elemento de entrada Pectínido
Subdivisión general Reproducción
Subdivisión geográfica Colombia
700 1# - ASIENTO SECUNDARIO - NOMBRE PERSONAL
Nombre personal Acosta Ortiz, Ernesto
700 1# - ASIENTO SECUNDARIO - NOMBRE PERSONAL
Nombre personal Castellanos Romero, Claudia
700 1# - ASIENTO SECUNDARIO - NOMBRE PERSONAL
Nombre personal Santos-Acevedo, Marisol
942 ## - ELEMENTOS ADICIONALES (KOHA)
Sistema de clasificación Dewey Decimal Classification
Tipo de ítem Impreso
Existencias
Withdrawn status Lost status Sistema de Clasificación Damaged status No para préstamo Colección Inventariado Ubicación Permanente Ubicación actual Fecha de adquisición Fuente de Valor Valor Total Checkouts Número topográfico Inventario / Código de Barras Date last seen Ejemplar Price effective from Forma de adquisición Tipo de material
    Dewey Decimal Classification     General Inventariado 2017 Bogotá Bogotá 05/03/2014 Instituto 39000.00   LB-354 G56c 034106 05/03/2014 Ej. 1 05/03/2014   Libro
    Dewey Decimal Classification     General Inventariado 2017 Bogotá Bogotá 22/02/2016 Instituto 39000.00   LB-354 G56c 042265 22/02/2016 Ej.2 22/02/2016   Libro